Croatia : Selected Issues and Statistical Appendix.

This Selected Issues paper and Statistical Appendix deals with the data interpretation problems in the Croatian balance of payments and discusses in detail the overestimation of the size of the external current account deficit in the official statistics. It examines the behavior of the monetary aggr...

Description complète

Détails bibliographiques
Collectivité auteur: International Monetary Fund
Format: Revue
Langue:English
Publié: Washington, D.C. : International Monetary Fund, 1997.
Collection:IMF Staff Country Reports; Country Report ; No. 1997/035
Accès en ligne:Full text available on IMF
LEADER 01560cas a2200241 a 4500
001 AALejournalIMF000366
008 230101c9999 xx r poo 0 0eng d
020 |c 5.00 USD 
020 |z 9781451817232 
022 |a 1934-7685 
040 |a BD-DhAAL  |c BD-DhAAL 
110 2 |a International Monetary Fund. 
245 1 0 |a Croatia :   |b Selected Issues and Statistical Appendix. 
264 1 |a Washington, D.C. :  |b International Monetary Fund,  |c 1997. 
300 |a 1 online resource (135 pages) 
490 1 |a IMF Staff Country Reports 
500 |a <strong>Off-Campus Access:</strong> No User ID or Password Required 
500 |a <strong>On-Campus Access:</strong> No User ID or Password Required 
506 |a Electronic access restricted to authorized BRAC University faculty, staff and students 
520 3 |a This Selected Issues paper and Statistical Appendix deals with the data interpretation problems in the Croatian balance of payments and discusses in detail the overestimation of the size of the external current account deficit in the official statistics. It examines the behavior of the monetary aggregates in Croatia using econometric methods. The structure and performance of the banking sector is also analyzed, including the effects of competition and ownership structure on profitability and interest rate spreads. 
538 |a Mode of access: Internet 
830 0 |a IMF Staff Country Reports; Country Report ;  |v No. 1997/035 
856 4 0 |z Full text available on IMF  |u http://elibrary.imf.org/view/journals/002/1997/035/002.1997.issue-035-en.xml  |z IMF e-Library